000
00300nam a22001217a 4500
008
230704b xxu||||| |||| 00| 0 eng d
082
_a
341.64
_b
KEK
100
_c
dr Urho Kekkonen
245
_a
Neutrality: The Finish position
260
_a
London
_b
Heinemann
_c
1973
300
_a
258p
942
_2
ddc
_c
BK
999
_c
3758
_d
3758